LEADER 04852nam 22006375 450 001 9910861093803321 005 20260330114235.0 010 $a9783031514401 010 $a3031514408 024 7 $a10.1007/978-3-031-51440-1 035 $a(MiAaPQ)EBC31348776 035 $a(Au-PeEL)EBL31348776 035 $a(CKB)32140059400041 035 $a(DE-He213)978-3-031-51440-1 035 $a(MiAaPQ)EBC31574223 035 $a(Au-PeEL)EBL31574223 035 $a(EXLCZ)9932140059400041 100 $a20240520d2024 u| 0 101 0 $aeng 135 $aurcnu|||||||| 181 $ctxt$2rdacontent 182 $cc$2rdamedia 183 $acr$2rdacarrier 200 10$aAesthetic Procedures: Nurse Practitioner's Guide to Cosmetic Dermatology /$fby Beth Haney 205 $a2nd ed. 2024. 210 1$aCham :$cSpringer International Publishing :$cImprint: Springer,$d2024. 215 $a1 online resource (257 pages) 311 08$a9783031514395 311 08$a3031514394 320 $aIncludes bibliographical references and index. 327 $aPreface -- Acknowledgement -- About the author -- Section1: Foundations of Aesthetics -- Chapter 1: The History of Beauty -- Chapter 2: Skin and Facial Anatomy -- Chapter 3: The Aging Face -- Chapter 4: Psychological Aspects of Aesthetics -- Section 2: Acne and Non-invasive Treatments -- Chapter 5: Topical Preparations and Prescription Medications in Aesthetics -- Chapter 6: Microdermabrasion -- Chapter 7: Permanent and Semi-permanent Micro-Pigment Treatments -- Chapter 8: Superficial Chemical Peels -- Chapter 9: Acne -- Section 3: Minimally Invasive Procedures: Neurotoxins -- Chapter 10: Pharmacology of Neurotoxins: OnabotulinumtoxinA(Botox®), AbobotulinumtoxinA(Dysport®), IncobotulinumtoxinA(Xeomin®), DaxibotulinumtoxinA-lanm(Daxxify ®), and PrabotulinumtoxinA-xvfs (Jeuveau?) -- Chapter 11: Reconstitution and Dosing of Neurotoxins -- Chapter 12: Indications for Neurotoxin: Upper Face -- Chapter 13: Indications for Neurotoxins:Lower Face and Neck -- Chapter 14: Neurotoxins: Other Uses and Future Possibilities -- Chapter 15: Neurotoxin Adverse Reactions -- SECTION 4: Minimally Invasive Procedures: Temporary Dermal Fillers -- Chapter 16: Pharmacology of Temporary Dermal Fillers -- Chapter 17: Indications and Placement of Temporary Dermal Fillers -- Chapter 18: Complications and Corrections of Temporary Dermal Fillers -- Section 5: Laser and Light-Based Treatments and Skin Tightening -- Chapter 19: Laser and Light-Based Treatments -- Chapter 20: Non-surgical Facial Skin Tightening -- Index. 330 $aThis second edition is a resource that offers guidance to advanced practice providers who are experienced or novice aesthetic practitioners and would like to improve their aesthetic practice and enhance patient safety and satisfaction. This new book reviews skin structure and anatomy, what happens as facial structures age, the effects of aging coupled with environmental exposures, pharmacology of medications used in aesthetics, light-based device properties, patient selection, danger zones, complications, new treatments, and benefits of treatments. In addition, it includes suggestions on how to communicate with patients to achieve successful outcomes. Aesthetic Procedures: Nurse Practitioner's Guide to Cosmetic Dermatology provides practitioners a one-source resource to attain more in-depth learning about cosmetic dermatology. Although there are several texts on individual aspects of aesthetic medicine, there is no all-inclusive book for advanced practice providers. This book also affords the primary care practitioner the opportunity to add minimally invasive cosmetic dermatology procedures to their practice and perform the treatments safely, efficiently and effectively while avoiding common mistakes and minimizing complication risks. Education and hands-on practice and training are paramount in creating a safe patient environment and as more clinicians turn to aesthetics to augment their practice, this book will be a valuable resource for practitioners all over the world. . 606 $aNursing$xStudy and teaching 606 $aDermatology 606 $aNursing Education 606 $aDermatology 606 $aDermatologia$2thub 606 $aTractaments de bellesa$2thub 606 $aEstètica$2thub 608 $aLlibres electrònics$2thub 615 0$aNursing$xStudy and teaching. 615 0$aDermatology. 615 14$aNursing Education. 615 24$aDermatology. 615 7$aDermatologia 615 7$aTractaments de bellesa 615 7$aEstètica 676 $a616.5 700 $aHaney$b Beth$0998905 801 0$bMiAaPQ 801 1$bMiAaPQ 801 2$bMiAaPQ 906 $aBOOK 912 $a9910861093803321 996 $aAesthetic Procedures$94163434 997 $aUNINA LEADER 00922nam 2200265 450 001 996703878403316 005 20260122103025.0 100 $a20260122d1962----km y0itay5003 ba 101 0 $aita 102 $aIT 105 $ay 00 y 200 1 $aRassegna di giurisprudenza in materia di condominio negli edifici$el'uso delle cose comuni$eanni 1958-1962$fRafaele Corona 210 $aMilano$cGiuffrè$d1962 215 $a[225]-249 p.$d25 cm 300 $aEstratto da: Rivista giuridica dell'edilizia, anno 5, n. 6, parte 2 (nov.-dic. 1962) 606 0 $aCondominio$xLegislazione$yItalia$2BNCF 676 $a346.45043302648 700 1$aCORONA,$bRafaele$0237500 801 0$aIT$bcba$gREICAT 912 $a996703878403316 951 $aXVI.7.Misc. 1646$b1674 FBUO$cXVI.7.Misc. 959 $aBK 969 $aFBUO 996 $aRassegna di giurisprudenza in materia di condominio negli edifici$94528066 997 $aUNISA